00826nam a2200253 a 450000100100000000500170001000800410002704000250006808200210009310000290011424500600014326000530020330000210025649000240027750000740030165000430037565000240041865000300044265000140047265000150048665000140050170000330051583000240054800003480820260327132519.0111020s1974 mx 000 0 spa d aDO-SdBNPbspacBNPHU a193bM392i, 19791 aMarx, Carlos,d1818-188313aLa ideología alemana /cCarlos Marx, Federico Engels. aMéxico :bEdiciones de cultura popular,c1974. a664 p. ;c20 cm.1 aBiblioteca marxista aIncluye referencias bibliográficas y notas al pie de las páginas. 4aFeuerbach, ludwing andreas,d1804-1872 4aFilosofía alemana 4aMaterialismo dialéctico 0aIdealismo 0aSocialismo 4aComunismo 2aEngels, Federico,d1820-1895 0aBiblioteca marxista